00831nam a2200217 a 4500001001000000003000500010005001700015008004100032010001100073011001100084040000900095100003000104245013300134260004100267500006000308502008700368650003100455650002800486650002900514856007000543000113470CHAP20220329144355.0170629s2016 mx a fsm |||||||spa d a109931 a110903 cCHAP1 aMoreno Rupit, Ana Jessica10aRespuesta germinativa al choque térmico en semillas de tres especies de Lupinus /h[En línea]cpor Ana Jessica Moreno Rupit. aChapingo, Méx. :bEl autor,c2016. aPara ver el contenido del material haga clic en la liga aTesis (Ing. en Restauración Forestal) -- UACH. División de Ciencias Forestales14aCalorxEfecto en semillas.14aLupinusxPropagación.14aSemillasxGerminación. aFinding aiduhttp://10.13.5.2/tesis/sist113470.pdfzTeclea aquí